<?xml version="1.0" encoding="UTF-8"?>
<marc:record xmlns:marc="http://www.loc.gov/MARC21/slim">
   <marc:leader>00000nam a2200000 a 4500</marc:leader>
   <marc:datafield ind1="1" ind2=" " tag="100">
      <marc:subfield code="a">Maraini, Dacia</marc:subfield>
      <marc:subfield code="4">aut</marc:subfield>
      <marc:subfield code="e">Verfasser/-in</marc:subfield>
   </marc:datafield>
   <marc:datafield ind1="0" ind2="0" tag="245">
      <marc:subfield code="a">Ein halber Löffel Reis</marc:subfield>
   </marc:datafield>
   <marc:datafield ind1="0" ind2="0" tag="245">
      <marc:subfield code="b">Kindheit in einem japanischen Internierungslager</marc:subfield>
   </marc:datafield>
   <marc:datafield ind1=" " ind2="1" tag="264">
      <marc:subfield code="b">Folio</marc:subfield>
      <marc:subfield code="c">2025</marc:subfield>
   </marc:datafield>
   <marc:datafield ind1="1" ind2=" " tag="490">
      <marc:subfield code="a">Transfer Bibliothek</marc:subfield>
   </marc:datafield>
   <marc:datafield ind1="1" ind2=" " tag="520">
      <marc:subfield code="a">1943: Deutschland, Italien und Japan sind im Dreimächtepakt verbunden. Eine kleine italienische Community in Japan weigert sich, Mussolinis Repubblica di Salò anzuerkennen. Darunter auch Fosco Maraini und seine Frau Topazia. Daraufhin wird die gesamte Familie interniert. Die siebenjährige Tochter Dacia ist der Kälte, den Parasiten und dem Sadismus der Wachen ausgesetzt, sie ernährt sich von wenigen Körnern Reis und Ameisen. Während die Mutter versucht, die bröckelnde Solidarität der Gruppe zu kitten, hackt sich der Vater in der Tradition der Samurai einen Finger ab, als Akt verzweifelter Selbstbehauptung. Jetzt wird ihnen eine einzige Ziege zugestanden, die ihr Überleben sichert.

Vom Zusammenhalt in dunklen Zeiten: die verstörende Kindheit der großen europäischen Autorin.</marc:subfield>
   </marc:datafield>
   <marc:datafield ind1=" " ind2=" " tag="020">
      <marc:subfield code="a">9783852569109</marc:subfield>
      <marc:subfield code="9">9783852569109</marc:subfield>
   </marc:datafield>
</marc:record>
